000
00303nam a22001337a 4500
008
181006b xxu||||| |||| 00| 0 eng d
020
_a
9780838505106
041
_a
eng
080
_2
3rd
_a
610
100
_a
3
101
_a
SHM
245
_a
Basic & Clinical Biostatistics
_c
Dawson, B
942
_2
udc
_c
BK
999
_c
48979
_d
48979